Principles and Applications of ESR Spectroscopy
Salvato in:
| Autori principali: | , , |
|---|---|
| Natura: | Libro |
| Lingua: | inglese |
| Pubblicazione: |
Dordrecht
Springer Science+Business Media
2011
|
| Soggetti: | |
| Accesso online: | Visualizza in OPAC |
| Tags: |
Nessun Tag, puoi essere il primo ad aggiungerne!!
|
MARC
| LEADER | 00000nam a2200000 a 4500 | ||
|---|---|---|---|
| 005 | 20260127134247.0 | ||
| 008 | 110224 2011 gw 000 0 eng d | ||
| 020 | |a 9781402053436 | ||
| 035 | |a vtls010239022 | ||
| 039 | 9 | |y 201102240737 |z mschk03 | |
| 040 | |a STUSCHK1 |b slo |c STUSCHK1 |e AACR2 | ||
| 100 | 1 | |a Lund, Anders | |
| 245 | 1 | |a Principles and Applications of ESR Spectroscopy |c Anders Lund, Masaru Shiotani, Shigetaka Shimada | |
| 260 | |a Dordrecht |b Springer Science+Business Media |c 2011 | ||
| 300 | |a xii, 461 s. |b il. |c 24 cm | ||
| 650 | 0 | |a ESR Spectroscopy | |
| 700 | 1 | |a Shiotani, Masaru |4 aut | |
| 700 | 1 | |a Shimada, Shigetaka |4 aut | |
| 910 | |a SCHK95 | ||
| 919 | |a 978-1-4020-5343-6 | ||
| 999 | |c 8117 |d 8117 | ||